Statistics for Top 50 best directors of all time

Click here to take the quiz!

General Stats

  • This quiz has been taken 44 times
  • The average score is 18 of 50

Answer Stats

HintDirector% Correct
2001: An Space Odyssey, The ShiningStanley Kubrick
97%
Vertigo, Rear Window, PsychoAlfred Hitchcock
94%
The Conversation, Apocalypse Now, The GodfatherFrancis Ford Coppola
90%
Raging Bull, Goodfellas, HugoMartin Scorsese
87%
Jaws, Raiders of the Lost Ark, Schindler’s ListSteven Spielberg
81%
Seven Samurai, RanAkira Kurosawa
74%
Chimes at Midnight, The Trial, Citizen KaneOrson Welles
71%
Pulp Fiction, Kill Bill, Reservoir DogsQuentin Tarantino
71%
The Good, The Bad, and The Ugly, Once Upon a Time in the WestSergio Leone
68%
Manhattan, Annie Hall, Hannah and Her SistersWoody Allen
65%
Fight Club, Zodiac, SevenDavid Fincher
61%
Blue Velvet, Dune, EraserheadDavid Lynch
61%
La dolce vita, 8 1/2Federico Fellini
58%
Do the Right ThingSpike Lee
58%
The Seventh Seal, PersonaIngmar Bergman
55%
Punch Drunk Love, There Will Be Blood, The MasterPaul Thomas Anderson
55%
Chinatown, Rosemary’s Baby, RepulsionRoman Polanski
55%
The Searchers, StagecoachJohn Ford
52%
Fargo, The Big Lebowski, No Country For Old MenThe Coen Brothers
52%
M, MetropolisFritz Lang
42%
Stalker, MirrorAndrei Tarkovsky
39%
Sunset Boulevard,Double Indemnity, The ApartmentBilly Wilder
32%
Breathless, Pierrot le Fou, ContemptJean Luc-Godard
29%
Lawrence of Arabia, The Bridge on the River Kwai, Doctor ZhivagoDavid Lean
26%
Red Desert, The Passenger, Blow-UpMichaelangelo Antonioni
26%
Tokyo StoryYasujiro Ozu
26%
Dead Ringers, Crash, A History of ViolenceDavid Cronenberg
23%
The 400 Blows, Jules and Jim, Shoot the Piano PlayerFrançois Truffaut
23%
Battleship Potemkin, Strike, Ivan the Terrible Part IISergei Eisenstein
23%
The Thin Red Line, Days of Heaven, The New WorldTerrence Malick
23%
Aguirre,the Wrath of , God, Fitzcarraldo, NosferatuWerner Herzog
23%
The Rules of the Game, Grand IllusionJean Renoir
19%
Nashville, McCabe & Mrs. Miller, MASHRobert Altman
16%
The Passion of Joan of Arc, GertrudCarl Theodor Dreyer
13%
Intolerance, The Birth of a NationD.W.Griffith
13%
Dead Man, Broken Flowers, Stranger Than ParadiseJim Jarmusch
13%
In the Mood For Love, Chungking Express, 2046, Days of Being WildKar-Wai Wong
13%
Sunrise, Nosferatu, The Last LaughF.W. Murnau
10%
The Earrings of Madame De…, Lola MontesMax Ophuls
10%
Bicycle Thieves, Umberto D, Two WomenVittorio De Sica
10%
The Big Sleep, Bringing Up Baby, Rio BravoHoward Hawks
6%
Viridiana, The Discreet Charm of the Bourgeoisie, Los OlvidadosLuis Bunuel
6%
Performance, Don't Look Now, The Man Who Fell to EarthNicolas Roeg
6%
Rome, Open City, Paisan, Germany Year ZeroRoberto Rossellini
6%
Dekalog, Blue, RedKrzysztof Kieslowski
3%
The Life and Death of Colonel Blimp, Black Narcissus, A Matter of Life and DeathMichael Powell
3%
I am Cuba, The Cranes are Flying, Letter Never SentMikhail Kalatozov
3%
The Music Room, Pather Panchali, AparajitoSatyajit Ray
3%
The Pornographers, Intentions of Murder, Vengeance is MineShohei Imamura
3%
The Blue Angel, The Scarlet Empress, MoroccoJosef von Sternberg
0%

Score Distribution

Percentile by Number Answered

Percent of People with Each Score

Your Score History

You have not taken this quiz